Celebrating the catholic faith 6 / (Record no. 295941)
[ view plain ]
| 000 -LEADER | |
|---|---|
| fixed length control field | 00504nam a22001577a 4500 |
| 003 - CONTROL NUMBER IDENTIFIER | |
| control field | SISC |
| 005 - DATE AND TIME OF LATEST TRANSACTION | |
| control field | 20160616105328.0 |
| 008 - FIXED-LENGTH DATA ELEMENTS--GENERAL INFORMATION | |
| fixed length control field | 160611b xxu||||| |||| 00| 0 eng d |
| 020 ## - INTERNATIONAL STANDARD BOOK NUMBER | |
| International Standard Book Number | 9789719801313 |
| 050 ## - LIBRARY OF CONGRESS CALL NUMBER | |
| Classification number | BX 1754.5 M266 2014 |
| Item number | 20191 |
| 245 ## - TITLE STATEMENT | |
| Title | Celebrating the catholic faith 6 / |
| Statement of responsibility, etc | Anna Y. Manalastas. |
| 260 ## - PUBLICATION, DISTRIBUTION, ETC. (IMPRINT) | |
| Place of publication, distribution, etc | Quezon City : |
| Name of publisher, distributor, etc | C & E Publishing, |
| Date of publication, distribution, etc | c2014 |
| 300 ## - PHYSICAL DESCRIPTION | |
| Extent | xiv, 207 p. : |
| Other physical details | col. ill. ; |
| Dimensions | 26 cm. |
| 650 ## - SUBJECT ADDED ENTRY--TOPICAL TERM | |
| Topical term or geographic name as entry element | Catholic church -- Doctrines -- Juvenile literature. |
| 942 ## - ADDED ENTRY ELEMENTS (KOHA) | |
| Source of classification or shelving scheme | Library of Congress Classification |
| Koha item type | Books |
| Withdrawn status | Lost status | Source of classification or shelving scheme | Damaged status | Home library | Current library | Shelving location | Date acquired | Source of acquisition | Total Checkouts | Full call number | Barcode | Date last seen | Price effective from | Koha item type |
|---|---|---|---|---|---|---|---|---|---|---|---|---|---|---|
| Library of Congress Classification | Luxembourg Library | Luxembourg Library | 06/11/2016 | Library Fund | BX 1754.5 M266 2014 | 20191 | 03/01/2017 | 06/11/2016 | Books |